[Event "Wch Seniors 65 31st"]
[Site "Terassini"]
[Date "2023.11.04"]
[Round "10"]
[White "Fernandez Garcia, Jose Luis"]
[Black "Smith, Robert Wayne"]
[Result "1-0"]
[WhiteElo "2379"]
[BlackElo "2162"]
[PlyCount "99"]
[EventDate "2023.10.25"]
[EventType "swiss"]
[EventRounds "11"]
[EventCountry "ITA"]
[SourceTitle "Mega2024 Update 01"]
[Source "Chessbase"]
[SourceDate "2023.11.12"]
[SourceVersion "1"]
[SourceVersionDate "2023.11.12"]
[SourceQuality "1"]

1. e4 c5 2. Nf3 g6 3. d4 cxd4 4. Nxd4 Nc6 5. c4 Nf6 6. Nc3 d6 7. Be2 Nxd4 8. Qxd4 Bg7 9. Bg5 0-0 10. Qd2 Be6 11. Rc1 Qa5 12. 0-0 Rfc8 13. b3 a6 14. Bf3 Rab8 15. a4 Qd8 16. Rfe1 Qf8 17. Nd5 Bxd5 18. exd5 h6 19. Be3 b6 20. h4 a5 21. Bd1 Rc7 22. Bc2 h5 23. Bg5 Nh7 24. Re4 Nf6 25. Rf4 Qd8 26. Re1 Rbb7 27. Bd3 Nh7 28. Rfe4 Bf6 29. R4e2 Qf8 30. g3 Qg7 31. Rf1 Rb8 32. Kg2 Re8 33. Bh6 Bc3 34. Bxg7 Bxd2 35. Bd4 Bb4 36. Bxb6 Rb7 37. Bd4 Kf8 38. Bc2 Nf6 39. f4 Bc5 40. Bxc5 dxc5 41. f5 Kg7 42. fxg6 fxg6 43. Re6 Rf8 44. Rfe1 Rf7 45. R1e2 Ra7 46. Rc6 Ra8 47. Rxc5 Raf8 48. Rc7 Ng4 49. Rcxe7 Rxe7 50. Rxe7+ 1-0

[Event "Wch Seniors 65 31st"]
[Site "Terassini"]
[Date "2023.11.03"]
[Round "9"]
[White "Ftacnik, Lubomir"]
[Black "Fernandez Garcia, Jose Luis"]
[Result "1-0"]
[WhiteElo "2451"]
[BlackElo "2379"]
[PlyCount "33"]
[EventDate "2023.10.25"]
[EventType "swiss"]
[EventRounds "11"]
[EventCountry "ITA"]
[SourceTitle "Mega2024 Update 01"]
[Source "Chessbase"]
[SourceDate "2023.11.12"]
[SourceVersion "1"]
[SourceVersionDate "2023.11.12"]
[SourceQuality "1"]

1. d4 d5 2. Nf3 Nf6 3. c4 e6 4. Nc3 c5 5. e3 Nc6 6. cxd5 exd5 7. Bb5 cxd4 8. exd4 Be7 9. Ne5 Bd7 10. 0-0 0-0 11. Re1 Rc8 12. Bg5 Be8 13. Rc1 Ne4 14. Nxc6 bxc6 15. Bxe7 Qxe7 16. Bd3 Qb4 17. Nxd5 1-0

[Event "Wch Seniors 65 31st"]
[Site "Terassini"]
[Date "2023.11.01"]
[Round "7"]
[White "Fernandez Garcia, Jose Luis"]
[Black "Doncevic, Dario"]
[Result "1/2-1/2"]
[WhiteElo "2379"]
[BlackElo "2219"]
[PlyCount "46"]
[EventDate "2023.10.25"]
[EventType "swiss"]
[EventRounds "11"]
[EventCountry "ITA"]
[SourceTitle "Mega2024 Update 01"]
[Source "Chessbase"]
[SourceDate "2023.11.12"]
[SourceVersion "1"]
[SourceVersionDate "2023.11.12"]
[SourceQuality "1"]

1. e4 c5 2. Nf3 g6 3. d4 cxd4 4. Nxd4 Bg7 5. Nb3 Nc6 6. Bc4 Nf6 7. Nc3 b6 8. 0-0 0-0 9. Re1 d6 10. Bf1 Bb7 11. Nd5 e6 12. Nxf6+ Bxf6 13. c3 Qc7 14. Bh6 Rfd8 15. Qf3 Qe7 16. Bf4 Ne5 17. Qg3 Bh4 18. Qh3 Bf6 19. Nd4 Rac8 20. Nf3 Nc4 21. Bc1 Ne5 22. Bf4 Nc4 23. Bc1 Ne5 1/2-1/2

[Event "EU-ch Seniors 65 22nd"]
[Site "Acqui Terme"]
[Date "2023.06.03"]
[Round "9"]
[White "Kierzek, Matthias"]
[Black "Fernandez Garcia, Jose Luis"]
[Result "0-1"]
[WhiteElo "2163"]
[BlackElo "2370"]
[PlyCount "72"]
[EventDate "2023.05.26"]
[EventType "swiss"]
[EventRounds "9"]
[EventCountry "ITA"]
[SourceTitle "CBM 214 Extra"]
[Source "ChessBase"]
[SourceDate "2023.07.31"]
[SourceVersion "1"]
[SourceVersionDate "2023.07.31"]
[SourceQuality "1"]

1. d4 Nf6 2. c4 e6 3. Nf3 d5 4. Nc3 c5 5. cxd5 Nxd5 6. e4 Nxc3 7. bxc3 cxd4 8. cxd4 Bb4+ 9. Bd2 Bxd2+ 10. Qxd2 0-0 11. Bc4 b6 12. 0-0 Bb7 13. Rfe1 Nd7 14. Rad1 Rc8 15. Bb3 h6 16. Re3 Nf6 17. d5 exd5 18. exd5 Qd6 19. h3 Rfe8 20. Nd4 Rxe3 21. Nf5 Qe5 22. Nxe3 Ne4 23. Qb4 Nc3 24. Re1 Rc5 25. f4 Qf6 26. Ng4 Qd8 27. d6 Qxd6 28. Re8+ Kh7 29. Bxf7 Qd1+ 30. Kh2 Bd5 31. Ne5 Bxf7 32. Nxf7 Qa4 33. Rh8+ Kg6 34. Ne5+ Kf5 35. Rf8+ Ke6 36. Re8+ Qxe8 0-1

[Event "Tenerife-chT Primera"]
[Site "Tenerife"]
[Date "2023.05.13"]
[Round "13"]
[White "Martin Ortega, Oscar"]
[Black "Fernandez Garcia, Jose Luis"]
[Result "0-1"]
[WhiteElo "1867"]
[BlackElo "2368"]
[PlyCount "98"]
[EventDate "2023.01.14"]
[EventType "team-tourn"]
[EventRounds "14"]
[EventCountry "ESP"]
[SourceTitle "EXT 2024"]
[Source "ChessBase"]
[SourceDate "2023.10.10"]
[SourceVersion "1"]
[SourceVersionDate "2023.10.10"]
[SourceQuality "1"]
[WhiteTeam "La Victoria 94"]
[BlackTeam "Fundacion La Caja de Canarias"]
[WhiteTeamCountry "ESP"]
[BlackTeamCountry "ESP"]

1. e4 e5 2. Nf3 Nc6 3. Bb5 a6 4. Ba4 Nf6 5. 0-0 Be7 6. Re1 b5 7. Bb3 d6 8. c3 0-0 9. h3 a5 10. d4 a4 11. Bc2 exd4 12. Nxd4 Nxd4 13. cxd4 c5 14. Nc3 Bb7 15. dxc5 dxc5 16. Qe2 b4 17. Rd1 Qc7 18. Nd5 Nxd5 19. exd5 Bd6 20. Qd3 f5 21. Be3 Ba6 22. Qd2 f4 23. Bxa4 fxe3 24. Qxe3 Be2 25. Qxe2 Rxa4 26. Qe6+ Kh8 27. Rd3 Raa8 28. Re3 Rf6 29. Qe4 Raf8 30. Rf1 Qf7 31. Re2 Rf5 32. Rd2 Re8 33. Qc4 h6 34. a4 bxa3 35. bxa3 Rf4 36. Qb3 Rb8 37. Qc2 Ra8 38. Re1 Rxa3 39. Qb2 Ra8 40. Re6 Rb4 41. Qc2 Ra1+ 42. Rd1 Rxd1+ 43. Qxd1 Qf5 44. Re8+ Kh7 45. Re1 Rd4 46. Qe2 Rxd5 47. g3 Re5 48. Qd1 Rxe1+ 49. Qxe1 c4 0-1

[Event "Tenerife-chT Primera"]
[Site "Tenerife"]
[Date "2023.04.22"]
[Round "11"]
[White "Calcerrada Lopez, Enrique"]
[Black "Fernandez Garcia, Jose Luis"]
[Result "0-1"]
[WhiteElo "1835"]
[BlackElo "2368"]
[PlyCount "31"]
[EventDate "2023.01.14"]
[EventType "team-tourn"]
[EventRounds "14"]
[EventCountry "ESP"]
[SourceTitle "EXT 2024"]
[Source "ChessBase"]
[SourceDate "2023.10.10"]
[SourceVersion "1"]
[SourceVersionDate "2023.10.10"]
[SourceQuality "1"]
[WhiteTeam "Circulo de Amistad XII Enero II"]
[BlackTeam "Fundacion La Caja de Canarias"]
[WhiteTeamCountry "ESP"]
[BlackTeamCountry "ESP"]

1. Nf3 g6 2. d4 Bg7 3. g3 Nf6 4. Bg2 0-0 5. 0-0 d5 6. Nbd2 a5 7. c4 Na6 8. a3 c5 9. cxd5 Qxd5 10. e3 Qh5 11. dxc5 Nxc5 12. Qc2 Bd7 13. Qc4 Rac8 14. Qh4 Bb5 15. Rd1 Rfd8 16. Nd4 0-1

[Event "Tenerife-chT Primera"]
[Site "Tenerife"]
[Date "2023.03.04"]
[Round "6.1"]
[White "Fernandez Garcia, Jose Luis"]
[Black "Martin Ortega, Oscar"]
[Result "1-0"]
[WhiteElo "2368"]
[BlackElo "1867"]
[PlyCount "59"]
[EventDate "2023.01.14"]
[EventType "team-tourn"]
[EventRounds "14"]
[EventCountry "ESP"]
[SourceTitle "EXT 2024"]
[Source "ChessBase"]
[SourceDate "2023.10.10"]
[SourceVersion "1"]
[SourceVersionDate "2023.10.10"]
[SourceQuality "1"]
[WhiteTeam "Fundacion La Caja de Canarias"]
[BlackTeam "La Victoria 94"]
[WhiteTeamCountry "ESP"]
[BlackTeamCountry "ESP"]

1. e4 c5 2. Nf3 g6 3. c4 Nc6 4. d4 cxd4 5. Nxd4 Nf6 6. Nc3 d6 7. Be2 Nxd4 8. Qxd4 Bg7 9. Bg5 0-0 10. Qd2 Qa5 11. 0-0 Be6 12. Rac1 Rfc8 13. b3 a6 14. Bf3 Rab8 15. a4 Qd8 16. Rfe1 Qf8 17. Nd5 Bxd5 18. exd5 Re8 19. b4 b6 20. c5 bxc5 21. bxc5 Nd7 22. c6 Nc5 23. Rc4 Rb2 24. Qd1 e5 25. Rxc5 dxc5 26. d6 h6 27. d7 hxg5 28. dxe8Q Qxe8 29. c7 Bf6 30. Bg4 1-0

[Event "Tenerife-chT Primera"]
[Site "Tenerife"]
[Date "2023.01.28"]
[Round "3.1"]
[White "Fernandez Vazquez, Jorge"]
[Black "Fernandez Garcia, Jose Luis"]
[Result "0-1"]
[WhiteElo "2025"]
[BlackElo "2368"]
[PlyCount "64"]
[EventDate "2023.01.14"]
[EventType "team-tourn"]
[EventRounds "14"]
[EventCountry "ESP"]
[SourceTitle "EXT 2024"]
[Source "ChessBase"]
[SourceDate "2023.10.10"]
[SourceVersion "1"]
[SourceVersionDate "2023.10.10"]
[SourceQuality "1"]
[WhiteTeam "Al Shah Mat Los Realejos II"]
[BlackTeam "Fundacion La Caja de Canarias"]
[WhiteTeamCountry "ESP"]
[BlackTeamCountry "ESP"]

1. c4 e6 2. Nf3 d5 3. e3 c5 4. cxd5 exd5 5. d4 Nc6 6. Bb5 cxd4 7. Nxd4 Bd7 8. 0-0 Nf6 9. Nc3 Bd6 10. Nf3 Be6 11. b3 0-0 12. Bb2 Rc8 13. Rc1 Ne5 14. Be2 Nxf3+ 15. Bxf3 Be5 16. Na4 Bxb2 17. Rxc8 Qxc8 18. Nxb2 Qc3 19. Na4 Qa5 20. Qa1 Rc8 21. Rc1 Rxc1+ 22. Qxc1 b5 23. Qc3 Qxc3 24. Nxc3 b4 25. Nb5 a5 26. Kf1 Kf8 27. Nd4 Ke7 28. Ke2 Kd6 29. Kd3 Bd7 30. g3 h5 31. h4 g6 32. Bg2 Ne4 0-1

[Event "Tenerife-chT Primera"]
[Site "Tenerife"]
[Date "2023.01.14"]
[Round "1.1"]
[White "Ramirez Alvarez, Roberto"]
[Black "Fernandez Garcia, Jose Luis"]
[Result "0-1"]
[WhiteElo "1947"]
[BlackElo "2368"]
[PlyCount "88"]
[EventDate "2023.01.14"]
[EventType "team-tourn"]
[EventRounds "14"]
[EventCountry "ESP"]
[SourceTitle "EXT 2024"]
[Source "ChessBase"]
[SourceDate "2023.10.10"]
[SourceVersion "1"]
[SourceVersionDate "2023.10.10"]
[SourceQuality "1"]
[WhiteTeam "Playa San Juan"]
[BlackTeam "Fundacion La Caja de Canarias"]
[WhiteTeamCountry "ESP"]
[BlackTeamCountry "ESP"]

1. d4 Nf6 2. c4 e6 3. Nf3 c5 4. e3 d5 5. Nc3 Nc6 6. a3 Ne4 7. Bd3 Nxc3 8. bxc3 dxc4 9. Bxc4 Be7 10. 0-0 0-0 11. Qd3 Bd7 12. e4 Na5 13. Ba2 cxd4 14. cxd4 a6 15. Re1 Bb5 16. Qe3 Rc8 17. d5 Nc4 18. Qf4 exd5 19. exd5 Bf6 20. Rb1 Qxd5 21. Be3 Qd6 22. Qxd6 Nxd6 23. Bf4 Nc4 24. a4 Bxa4 25. Rxb7 Bb5 26. h3 h6 27. Bg3 Rfd8 28. Bh4 g5 29. Bg3 Rd7 30. Rxd7 Bxd7 31. Nh2 h5 32. Nf1 h4 33. Bh2 Be6 34. f4 g4 35. Bxc4 Rxc4 36. hxg4 Bxg4 37. Ne3 Re4 38. Kf2 Bd4 39. g3 a5 40. gxh4 a4 41. Kg3 Rxe3+ 42. Rxe3 Bxe3 43. Kxg4 a3 44. f5 Bd4 0-1

[Event "Santa Cruz Christmas op 32nd"]
[Site "Santa Cruz"]
[Date "2022.12.23"]
[Round "6"]
[White "Mendez Acosta, Alexander Jesus"]
[Black "Fernandez Garcia, Jose Luis"]
[Result "1/2-1/2"]
[WhiteElo "2015"]
[BlackElo "2368"]
[PlyCount "62"]
[EventDate "2022.12.15"]
[EventType "swiss"]
[EventRounds "9"]
[EventCountry "ESP"]
[SourceTitle "EXT 2024"]
[Source "ChessBase"]
[SourceDate "2023.10.10"]
[SourceVersion "1"]
[SourceVersionDate "2023.10.10"]
[SourceQuality "1"]

1. c4 e5 2. Nc3 Nf6 3. g3 c6 4. d4 exd4 5. Qxd4 d5 6. Bg2 dxc4 7. Qxc4 Be7 8. Nf3 0-0 9. 0-0 Na6 10. Bf4 Be6 11. Qa4 Nc5 12. Qc2 Qc8 13. Ng5 Bf5 14. e4 Bg4 15. e5 Bf5 16. Nge4 Nd5 17. Qe2 Nxc3 18. bxc3 Nxe4 19. Bxe4 Bxe4 20. Qxe4 Qe6 21. Rab1 b6 22. a4 g5 23. Be3 f5 24. Qg2 Rad8 25. a5 Kh8 26. Qh3 bxa5 27. Rb7 a4 28. Bxg5 Rd7 29. Rxd7 Qxd7 30. Qh6 Qd8 31. Bxe7 Qxe7 1/2-1/2

[Event "Wch Seniors 65 30th"]
[Site "Assisi"]
[Date "2022.11.26"]
[Round "11"]
[White "Fernandez Garcia, Jose Luis"]
[Black "Kristiansen, Jens"]
[Result "1-0"]
[WhiteElo "2358"]
[BlackElo "2353"]
[PlyCount "131"]
[EventDate "2022.11.15"]
[EventType "swiss"]
[EventRounds "11"]
[EventCountry "ITA"]
[SourceTitle "CBM 211 Extra"]
[Source "ChessBase"]
[SourceDate "2023.01.31"]
[SourceVersion "1"]
[SourceVersionDate "2023.01.31"]
[SourceQuality "1"]

1. e4 c5 2. Nf3 d6 3. d4 cxd4 4. Nxd4 Nf6 5. Nc3 Nc6 6. Bg5 e6 7. Qd2 a6 8. 0-0-0 Bd7 9. f4 b5 10. Nxc6 Bxc6 11. Qe3 h6 12. Bh4 Be7 13. Bxf6 Bxf6 14. e5 Be7 15. exd6 Bxd6 16. Ne4 Bxe4 17. Qxe4 0-0 18. Bd3 g6 19. h4 Qf6 20. Rdf1 h5 21. g4 hxg4 22. h5 Kg7 23. hxg6 fxg6 24. Kb1 Bc5 25. Rh2 Rad8 26. Rg2 Rd4 27. Qe2 Rxf4 28. Rxf4 Qxf4 29. Rxg4 Qe3 30. Rxg6+ Kf7 31. Qxe3 Bxe3 32. a4 Rb8 33. Rg4 Bc5 34. axb5 axb5 35. Rg5 Be7 36. Rxb5 Rxb5 37. Bxb5 Kf6 38. Ka2 Ke5 39. Kb3 Kd6 40. Ka4 Kc7 41. Ka5 Bf6 42. b4 Bc3 43. Bc4 e5 44. Bd5 Kd6 45. Be4 Kc7 46. Kb5 Kd6 47. Bf3 Kc7 48. Kc4 Be1 49. Kc5 Bc3 50. Be4 Bd4+ 51. Kb5 Bc3 52. Bf3 e4 53. Bxe4 Kd6 54. Bf3 Kc7 55. Kc5 Kd7 56. b5 Kc7 57. b6+ Kb8 58. Kc6 Kc8 59. Bg4+ Kb8 60. Bf5 Bf6 61. c4 Be7 62. c5 Bf8 63. Kb5 Be7 64. c6 Bd8 65. Bg4 Ka8 66. c7 1-0

[Event "Wch Seniors 65 30th"]
[Site "Assisi"]
[Date "2022.11.24"]
[Round "9"]
[White "Nunn, John DM"]
[Black "Fernandez Garcia, Jose Luis"]
[Result "1-0"]
[WhiteElo "2580"]
[BlackElo "2358"]
[PlyCount "85"]
[EventDate "2022.11.15"]
[EventType "swiss"]
[EventRounds "11"]
[EventCountry "ITA"]
[SourceTitle "CBM 211 Extra"]
[Source "ChessBase"]
[SourceDate "2023.01.31"]
[SourceVersion "1"]
[SourceVersionDate "2023.01.31"]
[SourceQuality "1"]

1. e4 e5 2. Nf3 Nc6 3. Bb5 a6 4. Ba4 Nf6 5. 0-0 Be7 6. Re1 b5 7. Bb3 d6 8. c3 Na5 9. Bc2 c5 10. d4 cxd4 11. cxd4 Bg4 12. dxe5 Bxf3 13. Qxf3 dxe5 14. Nc3 0-0 15. Rd1 Qc7 16. Bd3 Rfd8 17. Be3 Nc4 18. Bxc4 Qxc4 19. Bg5 Qe6 20. Nd5 Rac8 21. Bxf6 Bxf6 22. g3 Be7 23. Rac1 Bg5 24. Rxc8 Rxc8 25. h4 Bd8 26. Kg2 h6 27. b3 Be7 28. Rd2 Bf8 29. Qf5 Rc6 30. h5 a5 31. Ne3 a4 32. Rd5 axb3 33. axb3 Rc5 34. Kf3 Qxf5+ 35. exf5 Rxd5 36. Nxd5 Bc5 37. Nc7 b4 38. Na6 Bd6 39. Ke4 Kf8 40. Kd5 Ke7 41. Nc5 Bb8 42. Ne4 Bc7 43. Kc5 1-0

[Event "Wch Seniors 65 30th"]
[Site "Assisi"]
[Date "2022.11.19"]
[Round "5"]
[White "Fernandez Garcia, Jose Luis"]
[Black "Maryasin, Boris Feliksovich"]
[Result "1/2-1/2"]
[WhiteElo "2358"]
[BlackElo "2258"]
[PlyCount "125"]
[EventDate "2022.11.15"]
[EventType "swiss"]
[EventRounds "11"]
[EventCountry "ITA"]
[SourceTitle "CBM 211 Extra"]
[Source "ChessBase"]
[SourceDate "2023.01.31"]
[SourceVersion "1"]
[SourceVersionDate "2023.01.31"]
[SourceQuality "1"]

1. e4 c5 2. Nf3 e6 3. d4 cxd4 4. Nxd4 a6 5. Bd3 Nf6 6. 0-0 Qc7 7. Qe2 Nc6 8. Nxc6 dxc6 9. e5 Nd7 10. Re1 Nc5 11. c4 Nxd3 12. Qxd3 c5 13. Nc3 Bd7 14. Bg5 h6 15. Bh4 g5 16. Ne4 0-0-0 17. Nd6+ Bxd6 18. exd6 Qc6 19. Bg3 f6 20. f3 e5 21. Bf2 Rhg8 22. Qe3 Be6 23. Rad1 Rxd6 24. Rxd6 Qxd6 25. Qxc5+ Qxc5 26. Bxc5 Bxc4 27. Be7 Bxa2 28. Bxf6 g4 29. fxg4 Rxg4 30. Rxe5 Rg6 31. Rf5 Be6 32. Rf2 Bd5 33. Bc3 Kd7 34. h3 Kc6 35. Kh2 Kc5 36. g4 b5 37. Rf4 Re6 38. b4+ Kc6 39. Bd4 Be4 40. Kg3 Kd5 41. Bg7 Kc4 42. Bxh6 Kxb4 43. h4 Kb3 44. Bg7 b4 45. h5 a5 46. Rxe4 Rxe4 47. h6 a4 48. h7 Re8 49. g5 a3 50. g6 Kc2 51. Bf8 a2 52. h8Q Rxf8 53. Qd4 b3 54. Qc5+ Kb2 55. Qd4+ Kb1 56. Qd1+ Kb2 57. Qe2+ Kb1 58. Qe4+ Kb2 59. Qe5+ Kb1 60. g7 Rg8 61. Qe4+ Kb2 62. Qd4+ Kb1 63. Qd1+ 1/2-1/2

[Event "Wch Seniors 65 30th"]
[Site "Assisi"]
[Date "2022.11.16"]
[Round "2"]
[White "Kratschmer, Heinz"]
[Black "Fernandez Garcia, Jose Luis"]
[Result "1/2-1/2"]
[WhiteElo "2058"]
[BlackElo "2358"]
[PlyCount "112"]
[EventDate "2022.11.15"]
[EventType "swiss"]
[EventRounds "11"]
[EventCountry "ITA"]
[SourceTitle "CBM 211 Extra"]
[Source "ChessBase"]
[SourceDate "2023.01.31"]
[SourceVersion "1"]
[SourceVersionDate "2023.01.31"]
[SourceQuality "1"]

1. d4 d5 2. Nf3 c5 3. c4 dxc4 4. e3 a6 5. Bxc4 e6 6. 0-0 Nf6 7. dxc5 Bxc5 8. Qxd8+ Kxd8 9. a3 b5 10. Be2 Bb7 11. b4 Bd6 12. Bb2 Nbd7 13. Rd1 Ke7 14. Nbd2 Rhc8 15. Rac1 Bd5 16. Nd4 Nb6 17. Rxc8 Rxc8 18. Rc1 Rxc1+ 19. Bxc1 Ne4 20. Nxe4 Bxe4 21. f3 Bd5 22. e4 Bc4 23. Bxc4 Nxc4 24. Kf2 Bc7 25. Nb3 f5 26. exf5 exf5 27. h3 Bb6+ 28. Ke2 Ke6 29. Kd3 Kd5 30. Kc3 h5 31. Kd3 g6 32. Ke2 Bd4 33. Kd3 Bb2 34. Bxb2 Nxb2+ 35. Kc3 Nc4 36. Nc5 h4 37. Nxa6 Ne3 38. Nc7+ Kc6 39. Ne6 Nxg2 40. Nd4+ Kd5 41. Nxb5 Nf4 42. Kd2 Nxh3 43. Ke3 g5 44. Nc7+ Kd6 45. Nb5+ Ke5 46. a4 Nf4 47. Nc3 h3 48. Nd1 h2 49. Nf2 Nd5+ 50. Ke2 Kf4 51. Nh1 Nc3+ 52. Kf2 Nxa4 53. b5 Nb6 54. Kg2 Nd5 55. Ng3 Ne3+ 56. Kxh2 Ke5 1/2-1/2

[Event "ESP-ch 87th"]
[Site "Linares"]
[Date "2022.08.16"]
[Round "7"]
[White "Espinosa Aranda, Angel"]
[Black "Fernandez Garcia, Jose Luis"]
[Result "1/2-1/2"]
[WhiteElo "2426"]
[BlackElo "2362"]
[PlyCount "61"]
[EventDate "2022.08.11"]
[EventType "swiss"]
[EventRounds "9"]
[EventCountry "ESP"]
[SourceTitle "CBM 209 Extra"]
[Source "ChessBase"]
[SourceDate "2022.09.30"]
[SourceVersion "1"]
[SourceVersionDate "2022.09.30"]
[SourceQuality "1"]

1. d4 d5 2. Nf3 c5 3. c4 e6 4. cxd5 exd5 5. g3 Nc6 6. Bg2 c4 7. 0-0 Bb4 8. Nc3 Nge7 9. Ne5 0-0 10. Nxc6 bxc6 11. Na4 Re8 12. Bd2 Rb8 13. Bxb4 Rxb4 14. b3 Nf5 15. e3 Nd6 16. Nc5 a5 17. Rc1 g6 18. Re1 h5 19. h4 Bg4 20. Bf3 Qc8 21. bxc4 Rxc4 22. Rxc4 Nxc4 23. Bxg4 hxg4 24. e4 dxe4 25. Nxe4 Re6 26. Nd2 Rxe1+ 27. Qxe1 Nxd2 28. Qxd2 Qf5 29. a3 Qb1+ 30. Kg2 Qe4+ 31. Kg1 1/2-1/2

[Event "ESP-ch 87th"]
[Site "Linares"]
[Date "2022.08.13"]
[Round "4"]
[White "Fernandez Garcia, Jose Luis"]
[Black "Saenz Narciso, Miguel Angel"]
[Result "1-0"]
[WhiteElo "2362"]
[BlackElo "2188"]
[PlyCount "87"]
[EventDate "2022.08.11"]
[EventType "swiss"]
[EventRounds "9"]
[EventCountry "ESP"]
[SourceTitle "CBM 209 Extra"]
[Source "ChessBase"]
[SourceDate "2022.09.30"]
[SourceVersion "1"]
[SourceVersionDate "2022.09.30"]
[SourceQuality "1"]

1. e4 c5 2. Nf3 e6 3. d4 cxd4 4. Nxd4 Bc5 5. c3 Qb6 6. Na3 d5 7. exd5 exd5 8. Bb5+ Bd7 9. 0-0 Ne7 10. Be3 0-0 11. b4 Bxd4 12. Bxd4 Qc7 13. Re1 Be6 14. Bc5 a6 15. Ba4 b5 16. Bb3 Nbc6 17. Nc2 Rfd8 18. a4 Qb7 19. Nd4 Nxd4 20. Qxd4 Nf5 21. Qf4 bxa4 22. Bxa4 a5 23. Bc2 Qc8 24. Bb6 Rd6 25. bxa5 Rc6 26. Bxf5 Bxf5 27. Bd4 Re6 28. h4 f6 29. Re3 Re4 30. Rxe4 Bxe4 31. f3 Bd3 32. Qd6 Bc4 33. Rb1 h6 34. Rb6 Qe8 35. Qg3 Kh7 36. Bxf6 Qf7 37. Bd4 Rxa5 38. Rc6 Ra6 39. Rc7 Rg6 40. Qe5 Qf8 41. Kf2 Kh8 42. h5 Rg5 43. Qe6 Ba6 44. Qxh6+ 1-0

[Event "ESP-ch 87th"]
[Site "Linares"]
[Date "2022.08.11"]
[Round "1"]
[White "Yuste Valenzuela, Alejandro"]
[Black "Fernandez Garcia, Jose Luis"]
[Result "1/2-1/2"]
[WhiteElo "2090"]
[BlackElo "2362"]
[PlyCount "148"]
[EventDate "2022.08.11"]
[EventType "swiss"]
[EventRounds "9"]
[EventCountry "ESP"]
[SourceTitle "CBM 209 Extra"]
[Source "ChessBase"]
[SourceDate "2022.09.30"]
[SourceVersion "1"]
[SourceVersionDate "2022.09.30"]
[SourceQuality "1"]

1. e4 e5 2. Nf3 Nc6 3. Nc3 Nf6 4. g3 d5 5. exd5 Nxd5 6. Bg2 Nxc3 7. bxc3 Bd6 8. h3 0-0 9. 0-0 e4 10. Nd4 Nxd4 11. cxd4 Bxg3 12. c3 Bf4 13. d3 Bxc1 14. Rxc1 Qg5 15. dxe4 Bxh3 16. Qf3 Bxg2 17. Qxg2 Qf4 18. Rce1 Rae8 19. Qh2 Qg4+ 20. Qg2 Qf4 21. Qh2 Rxe4 22. Qxf4 Rxf4 23. Re7 Rg4+ 24. Kh2 f5 25. Rfe1 Rf6 26. Re8+ Kf7 27. R8e7+ Kf8 28. Re8+ Kf7 29. R8e7+ Kg6 30. f3 Rg5 31. Rxc7 h6 32. Rg1 Rxg1 33. Kxg1 Rc6 34. Rxb7 Rxc3 35. Kf2 Rc2+ 36. Ke3 Rxa2 37. Rc7 Ra5 38. Rc6+ Kg5 39. f4+ Kh5 40. Rc5 Ra3+ 41. Ke2 Kg4 42. d5 Ra6 43. Ke3 g5 44. Rc6 gxf4+ 45. Ke2 f3+ 46. Ke1 Ra1+ 47. Kf2 Ra2+ 48. Ke1 Re2+ 49. Kf1 Rd2 50. Ra6 Kg3 51. Rg6+ Kf4 52. Rxh6 Rxd5 53. Ra6 Rd1+ 54. Kf2 Rd2+ 55. Kf1 Rd7 56. Kf2 Rf7 57. Ra4+ Ke5 58. Kxf3 Kd5 59. Kf4 Kc5 60. Ra1 Kb6 61. Rb1+ Kc7 62. Ra1 Kb8 63. Rb1+ Rb7 64. Rxb7+ Kxb7 65. Kxf5 Kc6 66. Ke4 Kc5 67. Kd3 Kb4 68. Kc2 Ka3 69. Kb1 Kb3 70. Ka1 a5 71. Kb1 a4 72. Ka1 a3 73. Kb1 a2+ 74. Ka1 Ka3 1/2-1/2

[Event "Santa Cruz de Tenerife op 31st"]
[Site "Santa Cruz de Tenerife"]
[Date "2021.12.15"]
[Round "2"]
[White "Rodriguez Perez, Mauro"]
[Black "Fernandez Garcia, Jose Luis"]
[Result "0-1"]
[WhiteElo "1839"]
[BlackElo "2353"]
[PlyCount "86"]
[EventDate "2021.12.14"]
[EventType "swiss"]
[EventRounds "9"]
[EventCountry "ESP"]
[SourceTitle "CBM 206 Extra"]
[Source "ChessBase"]
[SourceDate "2022.03.31"]
[SourceVersion "1"]
[SourceVersionDate "2022.03.31"]
[SourceQuality "1"]

1. d4 d5 2. Bf4 c5 3. e3 Nc6 4. c3 Qb6 5. Qb3 c4 6. Qc2 e5 7. dxe5 Bf5 8. Qc1 g5 9. Bg3 h5 10. h4 gxh4 11. Rxh4 Nge7 12. Nf3 Ng6 13. Rh1 Bg7 14. Nbd2 Bxe5 15. Nxe5 Ncxe5 16. Bxe5 Nxe5 17. Nf3 f6 18. Qd2 0-0-0 19. Nd4 Bg6 20. b4 h4 21. 0-0-0 a5 22. a3 axb4 23. axb4 Kc7 24. f4 Ra8 25. f5 Bh5 26. Ne6+ Kb8 27. Re1 Qa7 28. Qb2 Qa1+ 29. Qxa1 Rxa1+ 30. Kd2 Ra2+ 31. Kc1 Bg4 32. Kb1 Rf2 33. Nf4 Bxf5+ 34. Ka1 Kc7 35. Re2 Ra8+ 36. Kb2 Rxf4 37. exf4 Nd3+ 38. Kb1 Nf2+ 39. Kb2 Nxh1 40. Re7+ Kd6 41. Re3 Ng3 42. Be2 Nxe2 43. Rxe2 Rg8 0-1

[Event "ESP-ch Seniors 65"]
[Site "Altea"]
[Date "2021.11.06"]
[Round "8"]
[White "Fernandez Garcia, Jose Luis"]
[Black "Celaya Tapiz, Jose Maria"]
[Result "1-0"]
[WhiteElo "2356"]
[BlackElo "2191"]
[PlyCount "67"]
[EventDate "2021.10.31"]
[EventType "swiss"]
[EventRounds "9"]
[EventCountry "ESP"]
[SourceTitle "CBM 205 Extra"]
[Source "ChessBase"]
[SourceDate "2022.01.31"]
[SourceVersion "1"]
[SourceVersionDate "2022.01.31"]
[SourceQuality "1"]

1. e4 e5 2. Nf3 Nc6 3. Bb5 Bb4 4. 0-0 Nge7 5. c3 Ba5 6. Na3 d6 7. Nc4 Bb6 8. a4 Be6 9. Ng5 Bxc4 10. Bxc4 d5 11. exd5 Nxd5 12. Qh5 g6 13. Qf3 Qxg5 14. Bxd5 0-0 15. d4 Qe7 16. Bxc6 bxc6 17. a5 exd4 18. axb6 axb6 19. Rxa8 Rxa8 20. Qxc6 Rd8 21. Bf4 dxc3 22. Qxc3 c5 23. Re1 Qh4 24. g3 Qh5 25. Bc7 Rd1 26. Bxb6 Qe2 27. Rxd1 Qxd1+ 28. Kg2 Qd5+ 29. Qf3 Qd6 30. Ba5 f5 31. Bc3 Qd7 32. h4 h6 33. Qf4 Qd5+ 34. Kh2 1-0